| 000 | 00577nam a2200241 a 4500 | ||
|---|---|---|---|
| 001 | nice12345678 | ||
| 003 | IN_TiNIC | ||
| 005 | 20260116011316.0 | ||
| 008 | 050524s1912 lona grp 000 0 eng | ||
| 020 |
_a _c100 |
||
| 082 | 0 | 0 |
_a234 _bTIS |
| 100 | _aTisdall, Clair | ||
| 245 |
_aPath of Life _b Tariqul-Hayat |
||
| 260 |
_aLondon & Madras _bChristian Lit. Society _c1912 |
||
| 300 | _a335p | ||
| 500 | _aincludes index and biblioraphy | ||
| 505 | 2 | _aIndexes | |
| 650 | _aSalvation | ||
| 700 | 1 | _aTisdall, Clair | |
| 902 | _bSRS | ||
| 942 | _cBK | ||
| 999 |
_c381 _d381 |
||